Vision of india : (Record no. 134249)

MARC details
000 -LEADER
fixed length control field 00691nam a22002177a 4500
005 - DATE AND TIME OF LATEST TRANSACTION
control field 20170124110223.0
010 ## - LIBRARY OF CONGRESS CONTROL NUMBER
LC control number A-352249
020 ## - INTERNATIONAL STANDARD BOOK NUMBER
Terms of availability 00.00
International Standard Book Number 8120709551
035 ## - SYSTEM CONTROL NUMBER
System control number A-352249
037 ## - SOURCE OF ACQUISITION
Source of stock number/acquisition Cen Lib/Ret
040 ## - CATALOGING SOURCE
Original cataloging agency DPL
Language of cataloging EN
082 ## - DEWEY DECIMAL CLASSIFICATION NUMBER
Classification number 741.092
Item number POT
100 ## - MAIN ENTRY--PERSONAL NAME
Personal name Potabenko, Svyatoslav
9 (RLIN) 40201
245 ## - TITLE STATEMENT
Title Vision of india :
Statement of responsibility, etc by Svyatoslav Potabenko
Remainder of title in the works of russian and soviet artists /
260 ## - PUBLICATION, DISTRIBUTION, ETC. (IMPRINT)
Place of publication, distribution, etc New Delhi
Name of publisher, distributor, etc Sterling Publishers
Date of publication, distribution, etc 1989
270 ## - ADDRESS
City New Delhi
Postal code 110016
Address L-10, green park extention
300 ## - PHYSICAL DESCRIPTION
Extent viii, 57p.:
Dimensions 27cm(Hb)
Other physical details ill.
650 ## - SUBJECT ADDED ENTRY--TOPICAL TERM
Topical term or geographic name as entry element Art, Soviet
9 (RLIN) 40202
650 ## - SUBJECT ADDED ENTRY--TOPICAL TERM
Topical term or geographic name as entry element Artists
9 (RLIN) 24161
942 ## - ADDED ENTRY ELEMENTS (KOHA)
Source of classification or shelving scheme Dewey Decimal Classification
Koha item type English Books
Classification part 741.092
Call number suffix POT
Holdings
Withdrawn status Lost status Damaged status Not for loan Collection code Home library Current library Date acquired Source of acquisition Cost, normal purchase price Total Checkouts Full call number Barcode Date last seen Copy number Cost, replacement price Price effective from Koha item type
      Not For Loan Reference Central Library Central Library 29/07/2015 Cen Lib/Ret 0.00   741.092 POT A-352249 29/07/2015 1 0.00 29/07/2015 English Books

© Delhi Public Library
Hit Counter
free hit counter